00648nam a2200205Ia 4500008004100000020001800041050001400059100002200073245003000095245007000125260001300195260002900208260000900237300001500246300002200261300001000283440002700293999001900320952010300339180207s9999 xx 000 0 und d a9780746091517 bD253 2007 aDavidson, Susanna 4aThe musicians of Breman / cby Susanna Davidson ; illustrated by Mike Gordon and Carl Gordon. aLondon : bUsborne Publishing Ltd., c2007 a47 pages : bchiefly colored ; c20cm. aUsborne first reading. c355721d355721 001040aSSISMbSSISMd2018-02-07l0oER D253 2007pSSISM5266r2018-02-07 00:00:00w2018-02-07yBK